KOHA-Header-6

Khawateen ky Urdu Safar Namun Ka Tehkiki Mutala (Record no. 2422)

000 -LEADER
fixed length control field 00297nam a2200109Ia 4500
008 - FIXED-LENGTH DATA ELEMENTS--GENERAL INFORMATION
fixed length control field 190802s9999 xx 000 0 und d
100 ## - MAIN ENTRY--PERSONAL NAME
Personal name Dr. Sadaf Fatima
245 #0 - TITLE STATEMENT
Title Khawateen ky Urdu Safar Namun Ka Tehkiki Mutala
260 ## - PUBLICATION, DISTRIBUTION, ETC. (IMPRINT)
Place of publication, distribution, etc Karachi
Name of publisher, distributor, etc Anjuman Tarakki Urdu
Date of publication, distribution, etc 2011
300 ## - PHYSICAL DESCRIPTION
Extent 375:p
942 ## - ADDED ENTRY ELEMENTS (KOHA)
Koha item type Books
Holdings
Withdrawn status Lost status Damaged status Not for loan Collection code Permanent Location Current Location Shelving location Date acquired Full call number Barcode Date last seen Price effective from Koha item type
        Urdu Literature MAJU MAJU   2019-08-03 910.4 9045 2019-08-03 2019-08-03 Urdu Literature

Powered by Koha